000 00645nam a2200241Ia 4500
003 OSt
005 20221007072957.0
006 a|||||r|||| 00| 0
007 ta
008 221006b |||||||| |||| 00| 0 eng d
024 _a24,672
037 _cTextual
040 _aFLL
_cFLL
_beng
041 _2eng
_aeng
082 _aZ3vN5, K8
100 _aSmith Brian Abel
_9691706
245 0 _aIn search of justice
260 _aLondon
_bThe Penguin Press England
_c1968
300 _a1-384p
_ccm.
700 _a Stevens Robert
942 _hZ3vN5, K8
_cTEXL
_2CC
999 _c1147395
_d1147395